000 00542nmm a2200169Ia 4500
008 251105s9999||||xx |||||||||||||||||und||
020 _a9788437088570
041 _aspa
100 _aBlanco Arévalo, Alda
245 0 _aCultura y conciencia imperial en la España del siglo XIX
264 _a[Madrid, España] :
_bPublicaciones de la Universidad de Valencia (PUV),
_c2012
300 _a170 páginas
490 _aHistoria
650 _aHistory of Europe: Spain
856 _uhttps://public.digitaliapublishing.com/a/34857
942 _cCF
999 _c82579
_d82579